Remaking Muslim Politics : (Record no. 14028)
[ view plain ]
| 000 -LEADER | |
|---|---|
| fixed length control field | 02833cam a22003734a 4500 |
| 001 - CONTROL NUMBER | |
| control field | 13593067 |
| 005 - DATE AND TIME OF LATEST TRANSACTION | |
| control field | 20171120110629.0 |
| 008 - FIXED-LENGTH DATA ELEMENTS--GENERAL INFORMATION | |
| fixed length control field | 040514s2005 nju | b 001 0 eng d |
| 010 ## - LIBRARY OF CONGRESS CONTROL NUMBER | |
| LC control number | 2004050522 |
| 015 ## - NATIONAL BIBLIOGRAPHY NUMBER | |
| National bibliography number | GBA480005 |
| Source | bnb |
| 016 7# - NATIONAL BIBLIOGRAPHIC AGENCY CONTROL NUMBER | |
| Record control number | 013033212 |
| Source | Uk |
| 020 ## - INTERNATIONAL STANDARD BOOK NUMBER | |
| International Standard Book Number | 9780691120935 |
| 020 ## - INTERNATIONAL STANDARD BOOK NUMBER | |
| International Standard Book Number | 0691120935 |
| 035 ## - SYSTEM CONTROL NUMBER | |
| System control number | (OCoLC)ocm55220194 |
| 040 ## - CATALOGING SOURCE | |
| Original cataloging agency | DLC |
| Transcribing agency | DLC |
| Modifying agency | UKM |
| -- | C#P |
| -- | PMC |
| -- | OCL |
| -- | BAKER |
| -- | NLGGC |
| -- | DLC |
| 042 ## - AUTHENTICATION CODE | |
| Authentication code | pcc |
| 050 00 - LIBRARY OF CONGRESS CALL NUMBER | |
| Classification number | DS35.69 |
| Item number | .R46 2005 |
| 082 00 - DEWEY DECIMAL CLASSIFICATION NUMBER | |
| Edition number | 22 |
| Classification number | 320.9176709045 |
| Item number | REM |
| 245 00 - TITLE STATEMENT | |
| Title | Remaking Muslim Politics : |
| Remainder of title | Pluralism, Contestation, Democratization / |
| Statement of responsibility, etc | Robert W. Hefner, editor. |
| 260 ## - PUBLICATION, DISTRIBUTION, ETC. (IMPRINT) | |
| Place of publication, distribution, etc | Princeton, N.J. : |
| Name of publisher, distributor, etc | Princeton University Press, |
| Date of publication, distribution, etc | c2005. |
| 300 ## - PHYSICAL DESCRIPTION | |
| Extent | xii, 358 p. ; |
| Dimensions | 24 cm. |
| 440 #0 - | |
| -- | Princeton studies in Muslim politics |
| -- | 14403 |
| 504 ## - BIBLIOGRAPHY, ETC. NOTE | |
| Bibliography, etc | Includes bibliographical references and index. |
| 505 0# - FORMATTED CONTENTS NOTE | |
| Formatted contents note | Introduction : Modernity and the remaking of Muslim politics / Robert W. Hefner -- New media in the Arab Middle East and the emergence of open societies / Dale F. Eickelman -- Pluralism, democracy, and the �Ulama / Muhammad Qasim Zaman -- The end of Islamism? Turkey's Muslimhood model / Jenny B. White -- Dilemmas of reform and democracy in the Islamic Republic of Iran / Bahman Baktiari -- Thwarted politics : the case of Egypt's Hizb al-Wasat / Augustus Richard Norton -- Rewriting divorce in Egypt : reclaiming Islam, legal activism, and coalition politics / Diane Singerman -- Empowering civility through nationalism : reformist Islam and belonging in Saudi Arabia / Gwenn Okruhlik -- An Islamic state is a state run by good Muslims : religion as a way of life and not an ideology in Afghanistan / Thomas Barfield -- Islam and the cultural politics of legitimacy : Malaysia in the aftermath of September 11 / Michael G. Peletz -- Muslim democrats and Islamist violence in post-Soeharto Indonesia / Robert W. Hefner -- Sufis and Salafis : the political discourse of transnational Islam / Peter Mandaville -- Pluralism and normativity in French Islamic reasoning / John R. Bowen. |
| 651 #0 - SUBJECT ADDED ENTRY--GEOGRAPHIC NAME | |
| Geographic name | Islamic countries |
| General subdivision | Politics and government |
| Chronological subdivision | 20th century. |
| 9 (RLIN) | 14406 |
| 650 #0 - SUBJECT ADDED ENTRY--TOPICAL TERM | |
| 9 (RLIN) | 14405 |
| Topical term or geographic name as entry element | Islamic renewal |
| Geographic subdivision | Islamic countries |
| 650 #0 - SUBJECT ADDED ENTRY--TOPICAL TERM | |
| 9 (RLIN) | 14404 |
| Topical term or geographic name as entry element | Islam and politics |
| Geographic subdivision | Islamic countries |
| 700 1# - ADDED ENTRY--PERSONAL NAME | |
| Personal name | Hefner, Robert W., |
| Dates associated with a name | 1952- |
| 9 (RLIN) | 14407 |
| 856 42 - ELECTRONIC LOCATION AND ACCESS | |
| Materials specified | Publisher description |
| Uniform Resource Identifier | <a href="http://www.loc.gov/catdir/enhancements/fy0654/2004050522-d.html">http://www.loc.gov/catdir/enhancements/fy0654/2004050522-d.html</a> |
| 856 41 - ELECTRONIC LOCATION AND ACCESS | |
| Materials specified | Table of contents only |
| Uniform Resource Identifier | <a href="http://www.loc.gov/catdir/enhancements/fy0654/2004050522-t.html">http://www.loc.gov/catdir/enhancements/fy0654/2004050522-t.html</a> |
| 856 42 - ELECTRONIC LOCATION AND ACCESS | |
| Materials specified | Contributor biographical information |
| Uniform Resource Identifier | <a href="http://www.loc.gov/catdir/enhancements/fy0734/2004050522-b.html">http://www.loc.gov/catdir/enhancements/fy0734/2004050522-b.html</a> |
| 942 ## - ADDED ENTRY ELEMENTS (KOHA) | |
| Source of classification or shelving scheme | Dewey Decimal Classification |
| Item type | Book - Borrowing |
| Withdrawn status | Item status | Source of classification or shelving scheme | Damaged status | Not for loan | Vendor | Home library | Current library | Shelving location | Date acquired | Source of acquisition | Cost, normal purchase price | Serial Enumeration / chronology | Total Checkouts | Total Renewals | Full call number | Barcode | Date last seen | Date last borrowed | Koha item type |
|---|---|---|---|---|---|---|---|---|---|---|---|---|---|---|---|---|---|---|---|
| Dewey Decimal Classification | Baccah | Central Library | Central Library | First floor | 30/05/2010 | 145.00 | 10322 | 13 | 38 | 320.9176709045 REM | 000020870 | 15/07/2025 | 11/03/2018 | Book - Borrowing |